Chinese Zodiac Signs - Sudden Death - Statistics

General Stats
  • This quiz has been taken 51,198 times
  • The average score is 9 of 12
Answers on the Grid
Answers color-coded by a green-red scale on the quiz's grid according to % correct below.
Bee
Crane
Crocodile
Dog
Dolphin
Dragon
Elephant
Fox
Giant Panda
Goat
Horse
Mongoose
Monkey
Ox
Peacock
Pig
Platypus
Rabbit
Rat
Rooster
Snake
Tiger
Tortoise
Unicorn
 
Answer Stats
Answer % Correct
Dragon
86%
Dog
77%
Rat
75%
Snake
74%
Tiger
74%
Pig
73%
Monkey
72%
Rabbit
70%
Ox
69%
Horse
62%
Rooster
62%
Goat
57%
No matching quizzes found
Score Distribution
Percent of People with Each Score
Percentile by Number Answered
Your Score History
You have not taken this quiz